Una escuela pública abierta a la comunidad.

Bibliographic Details
Main Author: Jiménez, Juan R.
Other Authors: Pozuelos, Francisco J.
Format: Libro
Language:English
Published: Sevilla Díada 2001
Subjects:

MARC

LEADER 00000cam a2200000 a 4500
001 034854
003 UAHC_CL
005 20170803123808.0
008 020108b xx j 000 1 eng
040 |a UAHC_CL  |c UAHC_CL  |d UAHC_CL 
100 1 |a Jiménez, Juan R. 
245 1 4 |a Una escuela pública abierta a la comunidad. 
260 |a Sevilla  |b Díada  |c 2001 
650 4 |a EDUCACION 
650 4 |a ESCUELAS PUBLICAS 
700 1 |a Pozuelos, Francisco J. 
900 |a INVESTIGACIîN EN LA ESCUELA-44 
942 |c BK 
999 |c 34854  |d 34854